00573 2200217 4500001002100000005001700021008004100038035002400079040001200103082000800115090001500123100001700138245006500155250001000220260002600230300003000256650002200286700002000308850001200328990001500340YOGYA-0209000001685820090227022707.0 ind  0010-020900000016858 aYOPDYOG a540 a540bSub B aSUBOWO, Tutu aBimbingan ilmu kimiab(lengkap)cTutu Subowo, Akhmad Sunjaya aEd. 2 aBandungbArmicoc1980 avii, 268 hlmbilusc21 cm aKimia - Pelajaran aSUNJAYA, Akhmad aYOPDYOG a95P0067940